[Event "Washington State-chD"]
[Site "Redmond"]
[Date "2017.02.19"]
[Round "8"]
[White "Ahluwalia, Anshul Bharat"]
[Black "Deng, Samuel"]
[Result "1/2-1/2"]
[WhiteElo "1768"]
[BlackElo "1847"]
[PlyCount "41"]
[EventDate "2017.02.11"]
[EventType "tourn"]
[EventRounds "9"]
[EventCountry "USA"]
[SourceTitle "EXT 2023"]
[Source "ChessBase"]
[SourceDate "2022.10.05"]
[SourceVersion "1"]
[SourceVersionDate "2022.10.05"]
[SourceQuality "1"]

1. Nf3 d5 2. b3 c5 3. e3 a6 4. Bb2 Nc6 5. Be2 Nf6 6. d3 Bg4 7. Ne5 Bxe2 8. Qxe2 Qc7 9. f4 Nd7 10. Nxc6 Qxc6 11. Nd2 e6 12. Nf3 f6 13. e4 dxe4 14. Qxe4 Qxe4+ 15. dxe4 Bd6 16. e5 fxe5 17. fxe5 Bc7 18. 0-0 Ke7 19. Rad1 Rhf8 20. Rd2 Rad8 21. Rfd1 1/2-1/2